V Spišskom Hrhove už postavili 50 bytov

Bibliographic Details
Main Author: Karasová, Erika, 1973- (Author)
Format: Article
Language:Slovak
Subjects:

MARC

LEADER 00000nab a2200000 ar4500
001 vtls008988241
003 SK-MaSNL
005 20260305040739.0
008 070511c20060412xo mr|p|||||||000 b|slo
038 |a SNSK 
040 |b slo  |c SNSK  |e AACR2 
041 |a slo 
044 |a xo  |c SK 
080 |a 351.778.532  |2 2001 
100 1 |a Karasová, Erika,  |d 1973-   |4 aut  |9 89869 
245 1 0 |a V Spišskom Hrhove už postavili 50 bytov  |c Erika Karasová 
300 |b Fotogr. 
650 0 7 |a bytová výstavba   |2 snsk  |9 3036 
651 7 |a Spišský Hrhov (Slovensko)  |2 snsk  |9 31832 
651 7 |a Levoča (Slovensko : okres)  |2 snsk  |9 30131 
773 0 |t Spišský denník Korzár  |g Roč. VIII., č. 86 (12.4.2006), s. 1  |x 1335-759X 
852 |a SNSK  |b KIS3GCP 
999 |c 3340121  |d 3342051